[Event "RUS-chT 03rd"]
[Site "Kazan"]
[Date "1995.??.??"]
[Round "7"]
[White "Ibragimov, Ildar"]
[Black "Vaulin, Alexander"]
[Result "1/2-1/2"]
[WhiteElo "2580"]
[BlackElo "2490"]
[Annotator "Stohl,I"]
[PlyCount "124"]
[EventDate "1995.??.??"]
[EventType "team-tourn"]
[EventRounds "9"]
[EventCountry "RUS"]
[SourceTitle "CBM 051"]
[Source "ChessBase"]
[SourceDate "1996.04.01"]
[SourceVersion "1"]
[SourceVersionDate "1996.04.01"]
[SourceQuality "1"]
[WhiteTeam "Kazan Sberbank-Tatarstan"]
[BlackTeam "Ekaterinburg Agat"]
[WhiteTeamCountry "RUS"]
[BlackTeamCountry "RUS"]

1. d4 Nf6 2. c4 c5 3. d5 g6 4. Nc3 Bg7 5. e4 d6 6. h3 O-O 7. Nf3 e6 8. Bd3 exd5
9. cxd5 Re8 10. O-O c4 11. Bc2 (11. Bxc4 Nxe4 12. Nxe4 Rxe4 13. Bd3 Re8 14. Bg5
Bf6 15. Qa4 $1 Bxg5 16. Nxg5 Re5 17. f4 Rxd5 18. Qc4 Rxg5 19. fxg5 Be6 20. Qf4
Nc6 21. Rad1 Bxa2 22. Be4 Qb6+ 23. Rf2 Nd4 24. Kh2 Rf8 25. Bxg6 hxg6 26. Rxd4
$18 {Salgado Allaria,C-Musat,A/Bucharest Tim/1993/}) 11... b5 12. a3 (12. Nxb5
Nxe4 13. Bxe4 (13. Re1 Qb6 $5 (13... Ba6 14. Nbd4 (14. a4 $142) 14... Nc5 15.
Bg5 Rxe1+ 16. Qxe1 Bf6 17. Bxf6 Qxf6 18. Qe8+ Kg7 19. Re1 Bb7 20. Nb5 Nba6 21.
Qe7 Rd8 22. Qxf6+ Kxf6 23. Rd1 Nb4 24. Bb1 Nxd5 25. Nxa7 Nf4 $17 {Czebe,
A-Hedman,E/Budapest3 IM-A/1995/}) 14. Rxe4 Rxe4 15. Bxe4 Qxb5 16. Nd4 Qe8 17.
Bf3 Nd7 18. Ne6 fxe6 19. dxe6 Nb6 20. Bxa8 Nxa8 21. Qxd6 Bxe6 22. Bg5 Bf7 23.
Rd1 h6 24. Bf6 Bf8 25. Qf4 g5 $13 {Persson,L-Lindemann,S/Sollentuna op/1995/})
13... Rxe4 14. Nd2 $5 Rh4 15. Re1 Ba6 16. a4 Bxb5 17. axb5 Rd4 18. Qe2 Nd7 19.
Nxc4 Rxd5 20. Bf4 Rxb5 21. Nxd6 Rxb2 22. Qf3 Qf8 23. Rad1 Nb6 24. Bg5 f5 25.
Be7 Qb8 26. Qe3 h5 27. Bf6 {1-0/Maggerramov,E-Wedberg,T/Andorra/1993/}) 12...
Nbd7 (12... Na6 13. Re1 Nc5 14. Bf4 Qb6 15. e5 dxe5 16. Bxe5 Bb7 17. Qd4 Rad8
18. d6 Re6 19. Ng5 Qc6 20. f3 Rexd6 21. Bxd6 Rxd6 22. Qf4 h6 23. Nge4 Nfxe4 24.
Nxe4 Nxe4 25. Bxe4 Qc5+ $44 {Kragelj,I-Totsky,L/Harkany op/1994/}) (12... a6
13. Bf4 Bb7 14. Qd2 Qb6 15. Rfe1 Nbd7 16. Rad1 Rad8 17. Bh6 Ne5 18. Nd4 Bh8 19.
Be3 Qc7 20. f4 Ned7 21. Nf3 Nc5 22. Bd4 Bg7 23. Qf2 Ncd7 24. Qh4 h6 25. Kh1 Rc8
26. Bg1 Nb6 27. Bh2 $14 {Wallace,JP-Wedberg,T/Osterskars op/1995/}) 13. Be3 (
13. Bf4 Qb6 $13) (13. Nxb5 $5 Nc5 14. Nd2 Ncxe4 15. Nxc4 Bb7 16. Ne3 Qb6 17. a4
Rac8 18. Ra3 Qc5 19. Nc3 Qa5 20. b4 Qb6 21. a5 Nxc3 22. Rxc3 Qd8 23. Bb2 Rxc3
24. Bxc3 Nxd5 25. Nxd5 Bxd5 26. Bxg7 Qg5 27. Qg4 Qxg4 28. hxg4 Kxg7 29. Rd1 $16
{Ogaard,L-Sjoberg,M/Gausdal International/1981/}) 13... a6 14. Re1 Bb7 15. Bd4
$146 (15. Qd2 Rc8 (15... Qc7 16. Bh6 Ne5 17. Nd4 Bxh6 18. Qxh6 Nfd7 19. Nce2
Nc5 20. Ng3 f6 21. Qd2 Qb6 22. Re3 Ncd3 23. Ne6 Nxb2 24. Nh5 $5 $44 {Podgaets,
M-Totsky,L/URS Army-ch Odessa/1991/}) 16. Rad1 Nc5 17. Bg5 Qb6 18. e5 Nfd7 19.
e6 fxe6 20. dxe6 Nxe6 21. Be3 Ndc5 22. Nd4 Qd8 23. Nxe6 Nxe6 24. Bh6 Rc7 25.
Bxg7 Rxg7 26. Qxd6 $10 {Chernin,A-Hulak,K/Marseille/1990/}) 15... Nc5 16. Qd2 (
16. e5 $2 Nxd5 $17) 16... Qb6 17. Rad1 Nfd7 (17... a5 $5 18. a4 $5 b4 19. Nb5
$13) 18. Bxg7 Kxg7 19. Re3 Ne5 20. Ne1 $14 {[%csl Gd5,Ge4,Rf6,Rg7,Rh6] [+],׻
A typical Benoni-type position from the Bd3,h3 line. White has central control
and attacking chances on the King-side, Black's counterplay on the other flank
is usually insufficient.} Nb3 $5 21. Bxb3 $8 (21. Qe2 Nd4 $132) 21... cxb3 22.
Rg3 a5 {Allows White's Q to get to the long diagonal, forcing the weakening f6.
} (22... Nc4 $5 23. Qe2 Rac8 $14 (23... f5 $2 24. Nd3 fxe4 25. Nf4 $1 $36)) 23.
Ne2 $1 Nc4 24. Qc3+ f6 25. Nf4 Kf7 (25... Rxe4 $2 26. Nh5+ $18) 26. Rf3 (26.
Ne6 $142 $1 Bc8 27. Rf3 Ne5 28. Nc7 Nxf3+ 29. Nxf3 $16) 26... Ne5 27. Re3 a4
28. Nf3 Rac8 29. Qe1 Rc7 (29... Rc2 $5 $13) 30. Nxe5+ Rxe5 (30... fxe5 31. Nd3
$36) 31. Nd3 Re8 32. Nb4 $36 Rc4 33. Rc1 Rec8 34. Rxc4 Rxc4 (34... bxc4 35. Qc3
$16 {[%cal Re3f3,Re4e5,Yg1h2,Yf2f4] ><f6,/\Rf3,e5 or more slowly Kh2,f4,e5})
35. Rd3 (35. Kh2 Qc5 36. Qd2 Rd4 $132) 35... Qc5 36. Kh2 Rc1 $6 (36... Kg7 $142
$14) 37. Qd2 Kg7 38. Rf3 (38. Qf4 g5 39. Qf5 Bc8 $10) 38... g5 $5 (38... Rc4
39. Qf4 Qd4 40. Qxd6 $18) 39. Nd3 Rc2 $8 40. Nxc5 $5 (40. Qa5 $1 $16 {White
would have a clear initiative without allowing any wild complications.}) 40...
Rxd2 41. Nxb7 b4 $5 {[%cal Rb4a3] /\ba3-+} (41... Rxb2 42. Nxd6 (42. Na5 Rb1 {
[%cal Rb3b2] /\b2-+}) 42... Rc2 (42... Ra2 43. e5) 43. e5 $1 (43. Nxb5 b2 $19)
(43. Nf5+ Kf7 $5 (43... Kg6 44. Rd3 b2 45. d6 b1=Q 46. d7 $18) 44. e5 (44. Rd3
b2 45. d6 Ke8 $1 46. d7+ Kd8 47. Ng7 Rc6 48. Rd1 b4 $19) 44... fxe5 $1 (44...
b2 45. e6+ Ke8 46. d6 b1=Q 47. d7+ Kd8 48. e7+ Kxd7 49. Rd3+ $18) 45. Nd4+ Ke7
46. Nxc2 b2 $1 47. d6+ Kd7 $17) 43... fxe5 (43... b2 44. exf6+ Kf8 45. Re3 $18)
44. Rf7+ Kg6 45. Rb7 $18) 42. axb4 $8 Rxb2 43. Na5 (43. Nxd6 a3 44. e5 fxe5 45.
Rf7+ Kg6 46. Ra7 a2 {[%cal Rb2c2,Rb3b2] /\Rc2,b2-+}) 43... Rb1 44. Kg3 $1 $8 a3
$8 (44... b2 $2 45. Nc4 $18) 45. Nxb3 (45. Rxb3 a2 46. Ra3 a1=Q 47. Rxa1 Rxa1
48. Nb7 Rb1 $14) 45... f5 $1 (45... a2 46. Na1 $1 Rxa1 (46... f5 47. Ra3 Rxa1
48. exf5 $18) 47. Ra3 $16) 46. Nc1 (46. exf5 Kf6 $44) (46. Nd4 $1 f4+ (46... a2
47. Nxf5+ Kg6 48. Ra3 a1=Q 49. Rxa1 Rxa1 50. Nxd6 $18) 47. Kg4 a2 (47... Kg6 $2
48. Rxa3 $18) 48. Ra3 a1=Q 49. Rxa1 Rxa1 50. Kxg5 $18) 46... Rxc1 47. Rxa3 fxe4
48. Re3 $6 (48. Ra7+ Kg6 49. Rd7 $16) 48... Rc4 49. b5 (49. Rb3 Kf6 50. b5 Ke5
51. b6 Rc8 52. Rb5 Kd4 $132) 49... Rb4 50. b6 Kg6 {[%cal Yg6f5,Yb4b6] /\Kf5,
Rb6=} 51. f3 exf3 52. Re6+ Kf5 53. Kxf3 (53. Rxd6 fxg2 54. Kxg2 Ke5 55. Rh6
Kxd5 $10) 53... Rb3+ (53... Rxb6 $4 54. g4#) 54. Re3 Rxb6 55. g4+ Kf6 56. Re6+
Kf7 57. Ke4 Rb3 $8 58. Rh6 $2 {The final mistake, which squanders the
remaining winning chances.} (58. Kf5 $5 Rxh3 59. Kxg5 Rd3 60. Rxd6 $16 {/\} Ke7
61. Re6+ Kd7 62. Rh6 $1 (62. Kh6 Rh3+ 63. Kg7 Rg3 $10) 62... Rxd5+ 63. Kf6 Rd6+
64. Kg7 Rd4 65. g5 Rd5 66. Rxh7 $1 Rxg5+ 67. Kf6+ $18) 58... Kg7 59. Rxd6 Rxh3
60. Kf5 h5 $1 $10 61. Rd7+ Kf8 62. gxh5 Rxh5 (62... Rxh5 63. Kf6 Rh6+ 64. Kxg5
Ra6 $10) 1/2-1/2

[Event "Czerniak Memorial 13th"]
[Site "Tel Aviv"]
[Date "1997.??.??"]
[Round "11"]
[White "Avrukh, Boris"]
[Black "Rotstein, Arkadij"]
[Result "1-0"]
[WhiteElo "2520"]
[BlackElo "2455"]
[Annotator "Stohl,I"]
[PlyCount "53"]
[EventDate "1997.04.04"]
[EventType "tourn"]
[EventRounds "11"]
[EventCountry "ISR"]
[EventCategory "10"]
[SourceTitle "CBM 059"]
[Source "ChessBase"]
[SourceDate "1997.08.01"]
[SourceVersion "1"]
[SourceVersionDate "1997.08.01"]
[SourceQuality "1"]

1. d4 Nf6 2. c4 c5 3. d5 e6 4. Nc3 exd5 5. cxd5 d6 6. e4 g6 7. h3 Bg7 8. Nf3
O-O 9. Bd3 b5 10. Nxb5 Re8 11. O-O ({Lately Krasenkov has had success with
another interesting move, namely} 11. Bg5 $5 Qb6 (11... c4 12. Bxc4 (12. O-O $2
cxd3 13. Rc1 Na6 14. Rc6 Bd7 15. Rxd6 Qb8 16. Rxa6 Qxb5 17. Rxf6 h6 18. a4 Qb7
19. Bh4 g5 20. Rd6 gxh4 21. Qxd3 Qc7 $17 {Cooper,J-Kinsman,A/4NCL9697/1997/})
12... Rxe4+ 13. Be2 Qa5+ 14. Nd2 Ba6 15. Nc3 Bxe2 16. Nxe2 Re5 17. Bf4 Rxd5 18.
O-O Nh5 19. Qc2 $1 Nd7 20. Be3 Qa6 21. Ne4 Nc5 22. N4c3 Rd3 23. Rfd1 Nf6 24. b4
Rxd1+ 25. Rxd1 Ne6 26. Qb3 Ne8 27. a4 Qb7 28. b5 Rc8 29. Nd5 Nc5 30. Qb4 Qd7
31. a5 $16 {Krasenkow,M-Gdanski,J/POL-ch plof/1997/}) 12. Bxf6 Bxf6 13. Qb3 Nd7
14. O-O Rb8 15. Qa4 c4 16. Bxc4 Rxe4 17. Nd2 Rf4 18. Nxa7 Qxb2 19. Nxc8 Rxc8
20. Qxd7 Rd8 21. Qc6 Qxd2 22. Rae1 Kg7 23. Re2 Qc3 24. Bb3 Qd3 25. Rfe1 Bd4 26.
Qc7 Bf6 27. g3 Rf3 28. Re3 $14 {Krasenkow,M-Ribshtein,N/New York op/1997/})
11... Nxe4 12. Qa4 $5 {A rather new idea, which has recently been tested
especially in Israeli chess circles and orginates from GM Huzman.} Bd7 $146 {
This new move isn't the best, as it allows White to transpose into the
advantageous variations of the 12.Re1 a6 13.Qa4 line, where, as we already
know, Black's best response is 13...Nd7! With the B already on d7 White
retains the initiative.} (12... a6 $142 $5 13. Bxe4 ({Less testing is} 13. Re1
$143 Nd7 $1 14. Rxe4 Rxe4 15. Qxe4 Nf6 16. Qe2 axb5 17. Bxb5 Bb7 18. Bg5 Bxd5
19. a4 h6 20. Bf4 $13 {1/2,Avrukh,B-Pigusov,E/Linares op/1997/}) 13... Bd7 14.
Bd3 Qb6 15. Ng5 $1 Bxb5 (15... axb5 $5 16. Qh4 h6 17. Ne4 Qd8 $44) 16. Bxb5
Qxb5 17. Qh4 h6 18. Ne4 g5 19. Qg4 Qd7 20. Qxd7 Nxd7 21. Nxd6 Re5 22. g4 Nb6 (
22... Rxd5 23. Nf5 Re8 24. Kg2 Nb6 25. Rb1 Rd3 26. Be3 Nd5 27. b3 Bd4 28. Rbd1
Bxe3 29. Rxd3 Nf4+ 30. Kf3 Nxd3 31. fxe3 Ne5+ 32. Ke2 $16 {Avrukh,B-Greenfeld,
A/Beersheba/1997/}) 23. Nf5 Nxd5 24. Rd1 (24. Be3 $5 $14) 24... Rae8 25. Kf1
Kh7 26. Bd2 Bf6 27. Rac1 Nf4 28. Bxf4 gxf4 29. f3 Re2 30. Re1 Rh2 $1 31. Rxe8
Rh1+ 32. Ke2 Rxc1 $132 {Shulman,Y-Filippov,V/Linares op/1997/}) 13. Re1 $1 Qb6
$2 {Now Black gets into trouble very fast.} ({it was more prudent to aim for
the known positions after} 13... a6 14. Qa3 Qb6 (14... Bxb5 $143 15. Bxb5 Nd7
16. Bc6 Rb8 17. Qa4 Rb4 18. Qc2 f5 19. a3 Rb8 20. Rb1 Re7 21. Bf4 h6 22. b4 g5
23. Be3 Bc3 24. Bxd7 Qxd7 25. bxc5 Rxb1 26. Rxb1 dxc5 27. Bxc5 $1 $16 {Rahman,
Z-Hakki,I/Madras zt/1995/}) 15. Nc3 Nxc3 16. Rxe8+ Bxe8 17. bxc3 Nd7 18. Bf4
Qc7 19. Rb1 {and although Black's defence is not easy, he will not be overrun,
like in the game.} Nf6 (19... Nb6 20. c4 a5 21. Ng5 Nd7 22. Bf1 Ne5 23. Nf3
Nxf3+ 24. Qxf3 Rb8 25. Re1 Bd7 26. Qg3 Bf8 27. Bd3 Re8 28. Rf1 Ba4 29. h4 Qe7
30. Bg5 Qc7 31. h5 $36 {(),Krasenkov,M-De Firmian,N/Polanica Zdroj/1995/}) 20.
Qb3 Bd7 21. c4 Ne8 22. Qb6 Qxb6 23. Rxb6 Bf8 24. g4 Ra7 25. Rb8 f6 26. Nd2 Kf7
27. Ne4 Be7 28. f3 f5 29. Ng3 $36 {Bacrot,E-Palkovi,J/Balatonbereny/1996/}) 14.
Rxe4 Rxe4 15. Qxe4 Bxb5 16. a4 $1 {An important attacking move. Suddenly
Black's pieces get in one another's way and he has problems with development.}
Bd7 $8 ({Unplayable is} 16... Bxd3 $2 17. Qe8+ Bf8 18. Bh6 Nd7 19. Qxa8 Qxb2
20. Re1 Qb8 $8 21. Qxb8 Nxb8 22. Re8 Nd7 23. Rd8 $18) 17. a5 (17. Qe7 Bf8 18.
Qh4 Qb4 $5 19. Qxb4 cxb4 20. Bd2 a5 21. Rc1 (21. Bb5 Bg7 $13) 21... Na6 $132) (
{Avrukh's move is strong, but interesting was also} 17. Bf4 $5 a5 18. Nd2 $36 {
[%csl Rd6][%cal Rd2c4] @/\Nc4,><d6}) 17... Qd8 (17... Qc7 18. Qe7 $5 Bf8 19.
Qh4 $40) 18. Bg5 Qc8 {After this Black is lost practically by force. But the
alternatives are also dreary:} (18... f6 19. Bf4 Qf8 20. Re1 Bf5 21. Qc4 Bxd3
22. Qxd3 Nd7 23. Re6 Ne5 24. Bxe5 fxe5 25. Nd2 $18 {[%csl Rd6,Rg7] ץg7,Pd6}) (
18... Qe8 19. Qf4 $40 {[%cal Ra1e1,Ge1e8] <->e,/\Re1} Qf8 {-18...Qc8}) (18...
Qf8 $142 $5 19. Be7 Qe8 20. Bxd6 (20. Qh4 $5) 20... Qxe4 21. Bxe4 Na6 $16) 19.
Qf4 Qf8 (19... Bf8 20. Bf6 {[%cal Rf6c3,Rf3g5] /\Ng5,Bc3->}) (19... Na6 20.
Qxd6 Nb4 21. Bc4 Bxb2 22. Re1 $18 {[%csl Gd5,Ge1,Ge2,Ge3,Ge4,Ge5,Ge6,Ge7,Ge8]
[%cal Re1e7,Rf3e5] o^d,<->e,/\Ne5,Re7}) 20. Qh4 f6 21. Bf4 $18 {[%cal Rh4g3] @,
/\Qg3 White's piece play in this game is model, his forces coordinate ideally.
He will not even need the still passive Ra1.} c4 $5 {The last chance.} 22. Bxc4
$1 {The forceful sacrifice is best and gives White a decisive attack.} (22. Bc2
$143 $2 Na6 23. Qg3 Qf7 $5 $14 {[%cal Rf7d5,Ra6b4] /\Qd5,Nb4}) 22... g5 23.
Bxg5 fxg5 24. Nxg5 Qf5 (24... Bf5 25. Ne6 Qc8 (25... Qf7 26. Qd8+ Bf8 27. Ra3
$1 $18 (27. Nc7 $143 Na6 $16)) 26. Nxg7 (26. Ra3 $5) 26... Kxg7 27. Re1 $40) (
24... h6 25. Ne6 $18) 25. Ne6 Bxe6 (25... Bf6 26. Qg3+ Kh8 27. Nc7 $18 (27.
Qxd6 $5 $18)) 26. Qd8+ $1 Bf8 (26... Qf8 27. dxe6 Qxd8 28. e7+ $18) 27. dxe6 {
[%cal Re6e7] There is no defence against e7.} 1-0

[Event "CHN-CIS"]
[Site "Beijing"]
[Date "1991.??.??"]
[Round "?"]
[White "Ambartsoumian, Armen"]
[Black "Wang, Zili"]
[Result "0-1"]
[WhiteElo "2345"]
[BlackElo "2495"]
[Annotator "Stohl,I"]
[PlyCount "108"]
[EventDate "1991.??.??"]
[EventType "team"]
[EventRounds "9"]
[EventCountry "CHN"]
[SourceTitle "CBM 028"]
[Source "ChessBase"]
[SourceDate "1992.06.01"]
[SourceVersion "1"]
[SourceVersionDate "1992.06.01"]
[SourceQuality "1"]

1. d4 Nf6 2. Nf3 c5 3. d5 e6 4. c4 exd5 5. cxd5 d6 6. Nc3 g6 7. e4 Bg7 8. h3
O-O 9. Bd3 b5 $5 10. Nxb5 Re8 $1 (10... Nxe4 11. Bxe4 Re8 12. Ng5 h6 13. Ne6
Qa5+ 14. Nc3 Bxc3+ 15. bxc3 Qxc3+ 16. Bd2 Qc4 17. Qe2 $5 $16) 11. Nd2 (11. Bg5
$6 Qb6 (11... c4 $5 $36) 12. Bxf6 Bxf6 13. Qc2 $6 (13. O-O $142 $13) 13... Na6
14. a3 Bd7 $36 15. Nc3 Rab8 16. Rb1 c4 17. Be2 Bxc3+ 18. Qxc3 Nc5 19. O-O Nxe4
20. Qxc4 Ng3 $17 {Kalinichev,S-Semeniuk,A,Leningrad-chT 1989-TD 89_09}) (11.
Nc3 Nxe4 12. Nxe4 f5 $36) (11. O-O Nxe4 12. Qa4 (12. Re1 Ba6 $132) 12... Bd7
13. Bxe4 Bxb5 14. Qxb5 Rxe4 15. Bg5 Qb6 16. Qd3 Re8 17. Rab1 Nd7 18. b3 Ne5 19.
Nxe5 Bxe5 20. Rbc1 Bg7 $10 {Franco,Z-Otero,R,Capablanca mem-B 1991-TD 91_09})
11... Nxd5 (11... Nxe4 $2 12. Bxe4 f5 13. O-O fxe4 14. Nc4 $16) 12. O-O {N} (
12. Nc4 Nb4 13. O-O Ba6 14. Ncxd6 (14. Nbxd6 $2 Nxd3 15. Qxd3 Bxc4 $19) (14. a4
N8c6 $13) 14... Nxd3 15. Qxd3 Nc6 (15... Bxb5 $2 16. Qxb5 $16) 16. Qd5 Re6 $1
17. Qxc6 Bxb5 18. Qxb5 Qxd6 $146 19. Be3 Rxe4 20. Qxc5 Qxc5 $10 {Cruz,C-Martin,
A,ESP-ch 1991}) 12... Nf4 (12... Nb4 13. Nc4 {-12.Nc4 Nb4 13.0-0}) 13. Nc4 Nxd3
(13... Ba6 $5 $132) 14. Qxd3 Ba6 15. a4 $1 (15. Ncxd6 Nc6 $10) 15... Nc6 $8 (
15... Bxb5 16. axb5 Bd4 17. Be3 $16) 16. Qxd6 Qxd6 17. Ncxd6 (17. Nbxd6 Bxc4
18. Nxc4 Rxe4 $36) 17... Re7 $146 18. Bg5 Rd7 19. Rac1 (19. Nc4 Ne5 $146) 19...
Nd4 20. Rfe1 (20. Rxc5 $2 Ne6 21. Rd5 Bxb5 22. axb5 Bf8 $17) 20... Ne6 21. Be3
Bxb2 22. Rc2 Be5 (22... Bd4 $5 $13) 23. Nc4 Bg7 24. e5 Rd5 25. f4 Bf8 (25... f6
$5 $13) 26. Ncd6 Bxb5 27. Nxb5 Rd3 $10 28. Rc3 (28. Nc3 $5 $10 {/\Ne4}) 28...
Rad8 29. Rec1 a6 30. Na3 Rxc3 31. Rxc3 Rd1+ 32. Kh2 (32. Kf2 $142 $10) 32...
Ra1 $36 33. a5 (33. g4 Nd4 $15) 33... h5 (33... Nd4 34. Nc4 $10) 34. Nc4 (34.
g4 $5 $15) 34... h4 $17 35. f5 $6 gxf5 36. Bf2 Be7 37. Nd6 Bg5 $1 38. Nxf5 Bf4+
39. g3 Bxe5 40. Re3 hxg3+ 41. Bxg3 Ra2+ 42. Kh1 Bd4 43. Re4 (43. Nxd4 cxd4 $19)
43... Rxa5 44. Bd6 Ra1+ 45. Kh2 Ra2+ 46. Kh1 Bf6 47. Ne7+ Bxe7 48. Bxe7 a5 $19
49. h4 Kh7 50. Rc4 Kg6 $1 51. Bxc5 Nxc5 52. Rxc5 a4 53. h5+ Kh6 54. Ra5 a3 (
54... a3 55. Kg1 Ra1+ 56. Kg2 a2 {/\f5-f4-f3-+ [Stohl]}) 0-1

[Event "RUS-ch Army"]
[Site "Russia"]
[Date "1995.??.??"]
[Round "?"]
[White "Annakov, Babakuli"]
[Black "Totsky, Leonid"]
[Result "1-0"]
[WhiteElo "2420"]
[BlackElo "2455"]
[Annotator "Stohl,I"]
[PlyCount "91"]
[EventDate "1995.??.??"]
[EventType "tourn"]
[EventRounds "11"]
[EventCountry "RUS"]
[EventCategory "10"]
[SourceTitle "CBM 048"]
[Source "ChessBase"]
[SourceDate "1995.10.01"]
[SourceVersion "1"]
[SourceVersionDate "1995.10.01"]
[SourceQuality "1"]

1. d4 {Chekhov} Nf6 2. c4 c5 3. d5 d6 4. Nc3 g6 5. e4 Bg7 6. Nf3 O-O 7. h3 e6
8. Bd3 exd5 9. cxd5 Re8 10. O-O c4 11. Bxc4 (11. Bc2 b5 12. a3 (12. Nxb5 Nxe4
13. Re1 Qb6 14. Rxe4 Rxe4 15. Bxe4 Qxb5 16. Nd4 Qe8 17. Bf3 Nd7 18. Ne6 fxe6
19. dxe6 Nb6 20. Bxa8 Nxa8 21. Qxd6 Bxe6 22. Bg5 Bf7 23. Rd1 h6 24. Bf6 Bf8 $15
{Persson,L-Lindemann,S/Sollentuna op/1995/}) 12... Na6 13. Be3 Bd7 14. Re1 Qc7
15. Bd4 (15. Nd4 Rab8 16. a4 bxa4 17. Bxa4 Nc5 18. Bxd7 Nfxd7 19. Nc6 Rb7 20.
Ra5 a6 21. Bxc5 Nxc5 22. Re2 Nd3 23. Ra2 Rb3 $36 {Sjoberg,M-Wedberg,T/
Stockholm Rilton Cup/1995/}) 15... Nc5 16. e5 dxe5 17. Bxe5 Qb6 18. Qd4 Nb7 19.
Qxb6 axb6 20. Bc7 b4 21. axb4 Rxe1+ 22. Rxe1 b5 23. Be5 Ne8 24. Bxg7 Kxg7 25.
Re7 $16 {Kakageldyev,A-Vaulin,A/Moscow PCA-Intel qual 25'/1995/}) 11... Nxe4
12. Nxe4 Rxe4 13. Bg5 (13. Bd3 Re8 14. Bg5 Qa5 15. Re1 Bd7 16. Rxe8+ Bxe8 17.
Qe1 Qxe1+ 18. Rxe1 Nd7 19. Bb5 Nf6 20. Bc4 $10 {1/2-1/2,Ribli,Z-Gschnitzer,O/
BL 9091/1991/}) 13... Qb6 $6 (13... Bf6 14. Bd3 (14. Qc2 Re8 15. Bxf6 Qxf6 16.
Rfe1 Rd8 17. Nd2 Bf5 18. Bd3 Bxd3 19. Qxd3 Nd7 20. b4 {Ionov,S-Totsky,L/RUS-ch
Orel 1992/} a5 $5 $132) 14... Re8 15. Qa4 $1 (15. Qd2 Bxg5 16. Nxg5 h6 17. Nf3
Kg7 18. Rfe1 Rxe1+ 19. Rxe1 Nd7 20. Re4 Nc5 21. Rh4 h5 22. Bb1 a5 23. g4 Nd7
$13 {Bischoff,K-Hansen,Cu/Hamburg SKA/1991/}) 15... Nd7 (15... Bxg5 16. Nxg5
Re5 17. f4 Rxd5 18. Qc4 (18. Rae1 Nc6 19. Qb3 Rxg5 20. fxg5 Be6 21. Qxb7 Ne5
22. Be4 $16 {Wells,P-Tockiy,L/Harkany/1992/1|0/32/}) 18... Rxg5 19. fxg5 Be6
20. Qf4 Nc6 21. Rad1 Bxa2 22. Be4 Qb6+ 23. Rf2 Nd4 24. Kh2 Rf8 25. Bxg6 $16 {
Salgado Allaria,C-Musat,A/Bucharest Tim/1993/}) 16. Qh4 Bxg5 (16... a6 17. Rfe1
Rxe1+ 18. Rxe1 b5 19. Re4 Bb7 20. Rf4 Kg7 {Cramling,P-Wedberg,T/Stockholm 1990/
} 21. Nd4 $3 {[%cal Rf4f6,Rd4f5] /\Rf6,Nf5+-} (21. Qh6+ {Chekhov} Kg8 22. Qh4
Kg7 23. Nd4 $3 $18 {Horvath,J-Horvath,C/Strasbourg/1993/1|0/32/})) 17. Nxg5 Nf6
18. f4 Kg7 19. f5 h6 20. fxg6 hxg5 21. Qxg5 Re5 22. Qg3 Qb6+ 23. Kh1 Qe3 24.
Rf3 Qg5 25. Qxg5 Rxg5 26. gxf7 Nd7 27. Re1 Nf8 28. Re8 $44 {Gallego,V-Zelcic,R/
Sebastian op/1991/}) (13... Qa5 14. Nd2 {[%cal Yf1e1] /\Re1|^}) (13... Qf8 $142
$5 14. Qc2 (14. Bd3 Re8 15. Qa4 (15. Re1 {Chekhov} h6 16. Rxe8 Qxe8 17. Bf4 Qd8
18. Qd2 g5 19. Bg3 Na6 20. Re1 f5 $132 {Lukey,S-Sandler,L/Melbourne/1994/0|1/
55/}) 15... Bd7 16. Bb5 Bxb5 17. Qxb5 Na6 18. Rae1 Nc5 19. b4 Ne4 20. Qxb7 Reb8
21. Qd7 Rxb4 22. a3 Rc4 23. Nd2 Nxd2 24. Bxd2 Rd4 $10 {Bellon Lopez,JM-Wedberg,
T/Stockholm Rilton Cup/1995/}) 14... Re8 15. Rae1 Bf5 16. Qb3 Nd7 17. Rxe8 Qxe8
18. Qxb7 Nb6 19. Bb3 Bxb2 20. Re1 Qc8 21. Qe7 Qd7 22. Bf4 Bc3 23. Re3 Qxe7 24.
Rxe7 Bf6 25. Rc7 Bd8 26. Rc1 a5 $1 $10 {Piket,J-Ljubojevic,L/Monaco m (07)
1994/}) 14. Nd2 $1 (14. Bd3 Re8 15. Re1 $142 $1 (15. Qa4 Bd7 16. Qf4 (16. Qh4
Bb5 17. Bxb5 Qxb5 18. Bf6 Nd7 19. Bxg7 Kxg7 20. Qd4+ Nf6 21. Rfe1 Qc5 22. Qd3
Rxe1+ 23. Rxe1 Re8 $10 {Estremera Panos,S-Garcia Palermo,C/Saragossa
Casablanca/1992/}) 16... Na6 17. Bxa6 bxa6 18. Bf6 Bf5 19. Bxg7 Kxg7 20. b3 Re4
21. Qd2 Rae8 $132 {Kozul,Z-Velimirovic,D/JUG-ch/1990/}) 15... Bd7 16. Rxe8+ (
16. Rb1 {Chekhov} Na6 17. b4 Nc7 18. Qb3 Nb5 $10 {Abramov,S-Yasinsky,V/
Smolensk/1992/0,5/22/}) 16... Bxe8 17. Rc1 (17. Qe2 Nd7 18. Re1 Ne5 19. Kh1 Bd7
20. Nxe5 Bxe5 21. f4 Bd4 22. Qd2 {Pardo,M-Watanabe,A/Santiago Wch-jr/1990/} Re8
$10) 17... Nd7 18. b3 Ne5 19. Be2 Nxf3+ 20. Bxf3 Bd4 21. Qd2 Bd7 22. Rc4 Be5
23. Be3 Qd8 24. Qc1 b6 25. Bf4 {[%csl Rd6][%cal Gc1c8] <->c,><d6,Epishin,
V-Haist,W/Baden-Baden op/1990/}) (14. Re1 Rxe1+ 15. Qxe1 Bd7 16. Qe7 Bf8 17.
Qf6 Be8 18. Be3 Nd7 19. Qh4 (19. Bxb6 $142 {Chekhov} Nxf6 20. Bd4 $10) 19...
Qxb2 20. Bd4 Qb4 21. Bd3 Bg7 22. Rb1 Qa4 23. Rxb7 Bxd4 24. Nxd4 Nc5 25. Bc2
Qxa2 $17 {Ivanov,S-Totsky,L/Kstovo op/1994/}) 14... Re8 15. Re1 Bd7 (15...
Rxe1+ 16. Qxe1 Bd7 17. Ne4 {[%csl Rd6,Rf6][%cal Rg5e7,Rg5f4,Re4f6] /\Be7,Bf4,
Nf6,><f6,Pd6} Qxb2 18. Rd1 Ba4 19. Qa5 Qe5 20. Re1 Nd7 21. Nf6+ {1-0,Junge,
R-Gschnitzer,O/Bad Woerishofen/1991/}) 16. Ne4 Kf8 (16... Bxb2 $2 17. Rb1 $18 {
[%cal Rb1b2,Re4f6] /\Rb2,Nf6+-}) (16... Qxb2 17. Rb1 Qd4 18. Qxd4 (18. Qc2 $5
$36) 18... Bxd4 19. Nxd6 Rxe1+ 20. Rxe1 $16 {[%csl Rb7,Rf7][%cal Ge1e8] <->e,
><f7,b7}) 17. Qb3 $1 {[%csl Rd6] ><d6} (17. Nf6 {Chekhov} Rxe1+ 18. Qxe1 Qxb2
19. Rb1 Qd4 20. Nxd7+ Nxd7 21. Qe7+ Kg8 22. Qxd7 Qxc4 23. Qxd6 (23. Rxb7 Qxd5)
23... Qxa2 $22 24. Rxb7 Qa1+ 25. Kh2 Be5+) (17. Qd2 $5 {Chekhov}) 17... Qxb3 (
17... Qc7 18. Qb4 $16) 18. Bxb3 Be5 (18... Bxb2 19. Nxd6 {Chekhov} Bxa1 20.
Nxe8 Na6 21. Nd6 Bc3 22. Re7 $16) 19. f4 Bxb2 20. Nxd6 $1 Bxa1 (20... Rxe1+ 21.
Rxe1 $16 {[%cal Re1e7] /\Re7}) 21. Nxe8 $16 {[%csl Gd5] o^d5} Bd4+ 22. Kh2 Na6
$8 (22... Bxe8 $2 23. Bh6+ Bg7 24. Bxg7+ Kxg7 25. Rxe8 $18 {[%cal Rd5d7] /
\d6-d7}) 23. Nd6 (23. Nf6 $6 {Chekhov} Bb5 $22 24. Nxh7+ Kg7) 23... Nc5 (23...
Bc5 24. Be7+ Kg7 25. Nxb7 $16) 24. Re7 Kg8 (24... f6 25. Rf7+ Kg8 26. Bxf6 Bxf6
27. Rxf6 Nxb3 28. axb3 {[%cal Rd6b7,Rf6f7] /\Nb7,Rf7->}) (24... Be8 {Chekhov}
25. Rc7 $1 Nxb3 26. axb3 b6 27. Nxe8 Rxe8 28. d6) 25. Nxf7 $40 Re8 26. Nh6+ Kh8
27. Rf7 Bg7 28. d6 Bc6 (28... Nxb3 $2 29. Rxd7 $18 {[%csl Gd6] o^d6}) (28...
Re2 29. Bd5 $16) 29. Rc7 Nxb3 30. Nf7+ $1 (30. axb3 Bxh6 31. Bxh6 Rd8 {Chekhov}
32. Bg7+ Kg8 33. Be5 Rd7 34. Rc8+ Kf7 35. g4 Ke6) 30... Kg8 31. axb3 {[%cal
Rd6d7] /\d7+-} Rf8 32. Ne5 (32. d7 $2 Bxd7 33. Rxd7 Rxf7 $10) 32... h6 33. Nxg6
$1 $18 (33. Be7 {Chekhov} Rxf4 34. Nxc6 bxc6 35. d7 Be5 36. d8=Q+ Rf8+ 37. Kg1
Rxd8 38. Bxd8 Bxc7 39. Bxc7 $18) 33... hxg5 34. Nxf8 Kxf8 (34... Bxf8 35. d7
Be7 36. Rc8+ $18) 35. d7 Bf6 (35... Ke7 36. d8=Q+ Kxd8 37. Rxg7 $18) 36. Rc8+
Kf7 37. d8=Q Bxd8 38. Rxd8 gxf4 39. Rd4 f3 40. g4 (40. gxf3 $18 {/\} Bxf3 $2
41. Rf4+) 40... Kf6 41. Kg3 Ke5 42. Rf4 {[%csl Gg4,Gh3] o^g,h} Bd5 {[%csl Gg4,
Gh3]} 43. Rf5+ (43. Rxf3 $18) 43... Kd4 44. Rxd5+ Kxd5 45. Kxf3 a5 46. Ke3 1-0